Akvizície realizované Čínou v EÚ (na príklade vybraného odvetvia) bakalárska práca

Gespeichert in:
Bibliographische Detailangaben
1. Verfasser: Dobriová, Rita
Körperschaft: Obchodná fakulta EU. Katedra medzinárodného obchodu
Weitere Verfasser: Královičová, Michaela
Format: Buch
Sprache:Slowakisch
Veröffentlicht: Bratislava 2018
Tags: Tag hinzufügen
Keine Tags, Fügen Sie das erste Tag hinzu!

MARC

LEADER 00000nbm a2200000 4500
001 0245087
005 20180926140517.7
041 0 |a slo 
044 |a SK 
245 1 0 |a Akvizície realizované Čínou v EÚ (na príklade vybraného odvetvia)  |b bakalárska práca  |c Rita Dobriová ; školiteľ: Michaela Královičová 
264 1 |a Bratislava  |c 2018 
300 |a 51 s. 
100 1 |a Dobriová, Rita 
700 1 |a Královičová, Michaela 
710 2 |a Obchodná fakulta EU. Katedra medzinárodného obchodu